BAHNA. Tak bežal čas. 1944-2014 /
Gespeichert in:
| 1. Verfasser: | |
|---|---|
| Format: | Buch |
| Sprache: | Slowakisch |
| Veröffentlicht: |
Bratislava :
Vydavateľstvo Spolku architektov Slovenska,
2014
|
| Ausgabe: | 1. vydanie |
| Schlagworte: | |
| Tags: |
Keine Tags, Fügen Sie das erste Tag hinzu!
|
MARC
| LEADER | 00000nam a22000003a 4500 | ||
|---|---|---|---|
| 001 | 0010759 | ||
| 003 | SK-STU | ||
| 005 | 20190325131544.3 | ||
| 007 | ta | ||
| 008 | 151230s ----xo-----e------000-0-----d | ||
| 020 | |a 978-80-88757-88-7 | ||
| 040 | |a STU |b slo | ||
| 041 | 0 | |a slo | |
| 044 | |a xo | ||
| 100 | 1 | |a Bahna, Ján M. |r Z5 |4 aut | |
| 245 | 1 | 0 | |a BAHNA. Tak bežal čas. 1944-2014 / |c aut. Ján M. Bahna |
| 246 | 3 | 1 | |a "As Time Goes By" |
| 250 | |a 1. vydanie | ||
| 260 | |a Bratislava : |b Vydavateľstvo Spolku architektov Slovenska, |c 2014 | ||
| 300 | |a 155 s. | ||
| 650 | 0 | 7 | |a architekti - Slovensko Česko |
| 996 | |b 284AU06570 |c A* 9599/U |l AAKNST |s P |a 0 |w 0010759_0001 | ||
| 996 | |b 284AU06571 |c A* 9600/U |l AAKNAR |s A |a 24 |w 0010759_0002 | ||
| 996 | |b 284AU07113 |c A* 10343/U |l AA5150 |s P |a 0 |w 0010759_0003 | ||